Statistics for Central Texts Quiz

Click here to take the quiz!

General Stats

  • This quiz has been taken 5 times
  • The average score is 4 of 13

Answer Stats

Clue Text % Correct
ChristianityHoly Bible
100%
IslamQuran
80%
JudaismTorah
60%
Church of the Latter-Day SaintsBook of Mormon
40%
MarxismCommunist Manifesto
40%
NazismMein Kampf
20%
EvolutionOn the Origin of Species
20%
U.S. GovernmentConstitution
20%
HinduismThe Vedas
0%
Great Leap ForwardLittle Red Book
0%
CapitalismThe Wealth of Nations
0%
French RevolutionDeclaration of the Rights of Man
0%
JusticeRepublic
0%

Score Distribution

Percentile by Number Answered

Percent of People with Each Score

Your Score History

You have not taken this quiz